<?xml version="1.0" encoding="UTF-8"?>
<record
    xmlns:xsi="http://www.w3.org/2001/XMLSchema-instance"
    xsi:schemaLocation="http://www.loc.gov/MARC21/slim http://www.loc.gov/standards/marcxml/schema/MARC21slim.xsd"
    xmlns="http://www.loc.gov/MARC21/slim">

  <leader>03387njm a2200409Ia 4500</leader>
  <controlfield tag="001">40502</controlfield>
  <controlfield tag="003">IT-RoPAU</controlfield>
  <controlfield tag="005">20220918181127.0</controlfield>
  <controlfield tag="008">131025s9999    xx            000 0 und d</controlfield>
  <datafield tag="040" ind1=" " ind2=" ">
    <subfield code="a">IT-RoPAU</subfield>
  </datafield>
  <datafield tag="040" ind1=" " ind2=" ">
    <subfield code="c">IT-RoPAU</subfield>
  </datafield>
  <datafield tag="041" ind1=" " ind2=" ">
    <subfield code="a">INGLESE</subfield>
  </datafield>
  <datafield tag="999" ind1=" " ind2=" ">
    <subfield code="c">100238</subfield>
    <subfield code="d">100238</subfield>
  </datafield>
  <datafield tag="999" ind1=" " ind2=" ">
    <subfield code="b">n.d.</subfield>
  </datafield>
  <datafield tag="100" ind1=" " ind2=" ">
    <subfield code="a">AA.VV.</subfield>
    <subfield code="9">794</subfield>
  </datafield>
  <datafield tag="100" ind1=" " ind2=" ">
    <subfield code="e">Autore musica</subfield>
    <subfield code="9">22053</subfield>
  </datafield>
  <datafield tag="100" ind1=" " ind2=" ">
    <subfield code="g">Codice autore musica SPICS: 12000</subfield>
    <subfield code="9">796</subfield>
  </datafield>
  <datafield tag="245" ind1=" " ind2=" ">
    <subfield code="a">Jazz. Gli uomini, gli strumenti, gli stili 96</subfield>
  </datafield>
  <datafield tag="250" ind1=" " ind2=" ">
    <subfield code="a">2a ed.</subfield>
  </datafield>
  <datafield tag="260" ind1=" " ind2=" ">
    <subfield code="a">MILANO</subfield>
  </datafield>
  <datafield tag="260" ind1=" " ind2=" ">
    <subfield code="b">FRATELLI FABBRI EDITORI</subfield>
    <subfield code="c">1987 [1a Ed.:]</subfield>
  </datafield>
  <datafield tag="300" ind1=" " ind2=" ">
    <subfield code="a">MUSICASSETTA</subfield>
  </datafield>
  <datafield tag="300" ind1=" " ind2=" ">
    <subfield code="c">45 minuti (Testo:  pag.)</subfield>
  </datafield>
  <datafield tag="500" ind1=" " ind2=" ">
    <subfield code="a">Musica jazz. Brani di autori vari.</subfield>
  </datafield>
  <datafield tag="505" ind1=" " ind2=" ">
    <subfield code="a">Junk Man [(New York, 2.2.1934) (3:00)] - Rockin' Chair [(New York, 2.2.1934) (3:00)] - Heaven Help This Heart of Mine [(New York, 29.6.1937) (3:00)] - Thanks For the Memory [(New York, 10.1.1938) (3:00)] - Always and Always [(New York, 21.1.1938) (3:00)] - Don't Be That Way [(New York, 14.3.1938) (3:00)] - St. Louis Blues [(New York, 18.1.1939) (3:00)] - Old Folks [(New York, 14.9.1938) (3:00)] - A Ghost of A Chance [(New York, 27.6.1939) (4:00)] - I'm Nobody's Baby [(New York, 2.4.1940) (3:00)] - Fools Rush In [(New York, 2.4.1940) (4:00)] - In Love In Vain [(New York, 5.3.1946) (4:00)] - Stop the Sun and Stop the Moon [(New York, 3.3.1932) (3:00)]</subfield>
  </datafield>
  <datafield tag="511" ind1=" " ind2=" ">
    <subfield code="a">Klein Manny: tr; Margulis Charlie: tr; Lee Sonny: tbne; Goodman Benny: cl; Hawkins Coleman: ten; Schutt Arthur: p; McDonough Dick: chit; Bernstein Artie: cb; Krupa Gene: batt; Bailey Mildred: voc; Mildred Bailey with Benny Goodman &amp; His Orchestra</subfield>
  </datafield>
  <datafield tag="511" ind1=" " ind2=" ">
    <subfield code="a">Formazione orchestrale sconosciuta comprendente, oltre a Bailey Mildred: voc;, Malneck Matty, il famoso Songwriter (I'm Through With Love, I'll Never Be the Same, Good Goody Ecc.) al violino; Paul Whiteman and His Orchestra</subfield>
  </datafield>
  <datafield tag="511" ind1=" " ind2=" ">
    <subfield code="a">Clayton Buck: tr; Hall Edmund: cl; Evans Herschel: ten; Sherman Jimmy: p; Green Freddie: chit; Page Walter: cb; Jones Jo: batt; Bailey Mildred and Her Orchestra</subfield>
  </datafield>
  <datafield tag="511" ind1=" " ind2=" ">
    <subfield code="a">Blake Jimmy: tr; D'Amico Hank: cl; Berry Chu: ten; Wilson Teddy: p; Reuss Allen: chit; Peterson Pete: cb; Tough Dave: batt; Bailey Mildred and Her Orchestra</subfield>
  </datafield>
  <datafield tag="511" ind1=" " ind2=" ">
    <subfield code="a">Blake Jimmy: tr; Zarchey Zeke: tr; Zudecoff Barney: tr; Mastren Al: tbne; D'Amico Hank: alto; Goldstein Leonard: alto; Jerome Jerry: ten; Lamphere Charlie: ten; Miller Bill: p; Hanlon Allen: chit; Peterson Pete: cb; Wettling George: batt; Norvo Red: xil; Bailey Mildred: voc; Red Norvo and His Orchestra</subfield>
  </datafield>
  <datafield tag="511" ind1=" " ind2=" ">
    <subfield code="a">Shavers Charlie: tr; Bailey Buster: cl; Procope Russell: alto; Kyle Billy: p; Kirby John: cb; Spencer O'Neil: batt; Norvo Red: xil; Bailey Mildred: voc; Mildred Bailey with John Kirby's Orchestra</subfield>
  </datafield>
  <datafield tag="511" ind1=" " ind2=" ">
    <subfield code="a">Eldridge Roy: tr; Burns Robert: cl; Carroll Jimmy: cl; Prager Carl: cl; Powell Eddie: fl; Miller Mitch: oboe; Wilson Teddy: p; Collins John: chit; Peterson Pete: cb; Beason Bill: batt; Bailey Mildred: voc; Mildred Bailey and Her Orchestra</subfield>
  </datafield>
  <datafield tag="511" ind1=" " ind2=" ">
    <subfield code="a">Formazione sconosciuta comprendente: Larkins Ellis: p; Hall Al: cb; Powell Specs: batt; Mildred Bailey with the Eddie Sauter Orchestra</subfield>
  </datafield>
  <datafield tag="511" ind1=" " ind2=" ">
    <subfield code="a">Formazione sconosciuta; Paul Whiteman and His Orchestra</subfield>
  </datafield>
  <datafield tag="650" ind1=" " ind2=" ">
    <subfield code="a">JAZZ [CASSETTE]</subfield>
    <subfield code="e">Codice MATERIA SPICS: 9951</subfield>
    <subfield code="9">1831</subfield>
  </datafield>
  <datafield tag="700" ind1=" " ind2=" ">
    <subfield code="a">Bailey Mildred</subfield>
    <subfield code="g">Codice interprete SPICS: 16411</subfield>
    <subfield code="e">Interprete</subfield>
    <subfield code="9">22054</subfield>
  </datafield>
  <datafield tag="942" ind1=" " ind2=" ">
    <subfield code="c">MC</subfield>
    <subfield code="2">ddc</subfield>
  </datafield>
  <datafield tag="952" ind1=" " ind2=" ">
    <subfield code="0">0</subfield>
    <subfield code="1">0</subfield>
    <subfield code="4">0</subfield>
    <subfield code="6">40502_000000000000000</subfield>
    <subfield code="7">1</subfield>
    <subfield code="a">SPICS</subfield>
    <subfield code="b">SPICS</subfield>
    <subfield code="d">2013-10-25</subfield>
    <subfield code="l">0</subfield>
    <subfield code="o">40502</subfield>
    <subfield code="r">2013-10-25 00:00:00</subfield>
    <subfield code="w">2013-10-25</subfield>
    <subfield code="y">MC</subfield>
    <subfield code="z">Progr. Ins.: 14298 / N.Vol.: 1 / Copie: 1 - Copia rara: n.d. / date import: 01.01.2014 - By Epidotti, Trombetti, Vaglietti</subfield>
  </datafield>
</record>
